| 000 | 02271nam a2200361 a 4500 | ||
|---|---|---|---|
| 001 | eep9781845425517 | ||
| 003 | DLC | ||
| 005 | 20210215104148.0 | ||
| 006 | m o d | ||
| 007 | cr un||||||||| | ||
| 008 | 040623s2005 enkab ob 001 0 eng d | ||
| 010 | _a 2004052472 | ||
| 020 | _a9781845425517 (e-book) | ||
| 040 |
_aDLC _cDLC _dDLC |
||
| 043 |
_asa----- _as-bl--- |
||
| 050 | 4 |
_aSD418.3.A43 _bC36 2005 |
|
| 082 | 0 | 0 |
_a333.75/137/09811 _222 |
| 100 | 1 | _aCampari, João S. | |
| 245 | 1 | 4 |
_aThe economics of deforestation in the Amazon _h[electronic resource] : _bdispelling the myths / _cJoão S. Campari. |
| 260 |
_aCheltenham, U.K. ; _aNorthampton, Mass. : _bEdward Elgar, _cc2005. |
||
| 300 |
_a1 online resource (xii, 242 p.) : _bill., maps |
||
| 504 | _aIncludes bibliographical references (p. 222-230) and index. | ||
| 505 | 0 | _a1. Deforestation and its myths -- 2. Occupation, changing migration dynamics, and deforestation in the Brazilian Amazon -- 3. The political economy of frontier expansion and deforestation in the Amazon -- 4. Deforestation and the rules of land allocation -- 5. The Turnover hypothesis of Amazon deforestation : conceptual framework -- 6. Colonization projects : field work -- 7. Turnover on farming plots -- 8. Deforestation and land re-concentration in the Amazon frontier -- 9. Dispelling other myths about the Amazon -- 10. Policy implications and recommendations. | |
| 520 | _aThis provocative new book presents the results of twenty years of research on deforestation in the Amazon. By carefully observing the changing character of human settlements and their association with deforestation over such a prolonged period, the author is able to reject much of the "perceived wisdom". He skillfully dissects various models of deforestation and provides hard evidence on what is myth and what is reality. | ||
| 650 | 0 |
_aDeforestation _zAmazon River Region. |
|
| 650 | 0 |
_aDeforestation _zBrazil. |
|
| 650 | 0 |
_aDeforestation _xEconomic aspects _zAmazon River Region. |
|
| 650 | 0 |
_aDeforestation _xEconomic aspects _zBrazil. |
|
| 655 | 7 |
_aElectronic books. _2lcsh |
|
| 710 | 2 | _aEdward Elgar Publishing. | |
| 776 | 1 |
_z9781843768791 (hardback) _z1843768798 |
|
| 856 | 4 | 0 | _uhttps://www.elgaronline.com/view/9781843768791.xml |
| 999 |
_c28794 _d28794 |
||